000 00283nam a22001337a 4500
008 170904b xxu||||| |||| 00| 0 eng d
020 _a9780757526299
041 _aeng
080 _22ND
_a070
100 _a40
101 _aMED
245 _aSPEAKING
_cBOKENO,R.M
942 _2udc
_cBK
999 _c26024
_d26024